[Event "SVK-ch U14"]
[Site "Lubovnianske Kupele"]
[Date "2012.03.21"]
[Round "6"]
[White "Skrabak, Tomas"]
[Black "Podjavorinsky, Michal"]
[Result "1/2-1/2"]
[WhiteElo "1356"]
[BlackElo "1000"]
[PlyCount "31"]
[EventDate "2012.03.17"]
[EventType "swiss"]
[EventRounds "9"]
[EventCountry "SVK"]
[SourceTitle "CBM 147 Extra"]
[Source "ChessBase"]
[SourceDate "2012.04.24"]
[SourceVersion "1"]
[SourceVersionDate "2012.04.24"]
[SourceQuality "1"]

1. d4 Nf6 2. c4 g6 3. Nf3 Bg7 4. Nc3 0-0 5. e4 d6 6. Bg5 Nbd7 7. Be2 c5 8. d5 Qb6 9. Qc2 Re8 10. 0-0 e6 11. Rab1 exd5 12. exd5 Ne5 13. Na4 Qc7 14. Nxe5 Rxe5 15. f4 Re8 16. Rbe1 1/2-1/2

[Event "SVK-ch U14"]
[Site "Lubovnianske Kupele"]
[Date "2012.03.19"]
[Round "3"]
[White "Ocko, Martin"]
[Black "Skrabak, Tomas"]
[Result "1-0"]
[WhiteElo "1623"]
[BlackElo "1356"]
[PlyCount "53"]
[EventDate "2012.03.17"]
[EventType "swiss"]
[EventRounds "9"]
[EventCountry "SVK"]
[SourceTitle "CBM 147 Extra"]
[Source "ChessBase"]
[SourceDate "2012.04.24"]
[SourceVersion "1"]
[SourceVersionDate "2012.04.24"]
[SourceQuality "1"]

1. d4 e6 2. c4 c5 3. e3 d5 4. Nc3 Nc6 5. dxc5 Bxc5 6. cxd5 exd5 7. Qxd5 Bb4 8. Qxd8+ Kxd8 9. Bd2 Nf6 10. a3 Ba5 11. b4 Bc7 12. Nf3 Bg4 13. Be2 Ke7 14. h3 Bh5 15. Nb5 Bb6 16. 0-0 Rhd8 17. Bc3 a6 18. Bxf6+ Kxf6 19. Nc3 Ke7 20. Rad1 Kf8 21. Nd5 Ba7 22. Nf4 Bg6 23. Rc1 Ne7 24. Rc7 Nc6 25. Nxg6+ hxg6 26. Rxb7 a5 27. b5 1-0

[Event "SVK-ch U10"]
[Site "Liptovsky Mikulas"]
[Date "2007.04.27"]
[Round "9"]
[White "Adamciak, Tomas"]
[Black "Skrabak, Tomas"]
[Result "1-0"]
[WhiteElo "1350"]
[BlackElo "1350"]
[PlyCount "131"]
[EventDate "2007.04.22"]
[EventType "swiss"]
[EventRounds "9"]
[EventCountry "SVK"]
[SourceTitle "EXT 2008"]
[Source "ChessBase"]
[SourceDate "2007.11.25"]
[SourceVersion "1"]
[SourceVersionDate "2007.11.25"]
[SourceQuality "1"]

1. e4 e5 2. Nf3 Nc6 3. Bc4 Be7 4. Nc3 Nf6 5. 0-0 0-0 6. d3 d6 7. h3 Be6 8. Bb3 Bxb3 9. axb3 d5 10. exd5 Nxd5 11. Nxd5 Qxd5 12. c4 Qd7 13. Re1 Rad8 14. Nxe5 Nxe5 15. Rxe5 Qxd3 16. Qe1 Bf6 17. Re3 Qd1 18. Rxa7 Qxe1+ 19. Rxe1 Rb8 20. Bf4 Bxb2 21. Bxc7 Bd4 22. Bxb8 Bxa7 23. Bxa7 h6 24. b4 Ra8 25. Bc5 Ra2 26. b5 Rc2 27. Re4 Kh7 28. Kf1 g6 29. Ke1 f5 30. Re7+ Kg8 31. Rxb7 Rxc4 32. Be3 Re4 33. f3 Re8 34. Kd2 Rd8+ 35. Kc3 Rc8+ 36. Kd4 Rd8+ 37. Kc5 Rd3 38. Bxh6 Rc3+ 39. Kb6 Rc2 40. Rg7+ Kh8 41. Ka7 Ra2+ 42. Kb7 f4 43. Rxg6 Ra1 44. Rg7 Ra7+ 45. Kc6 Ra6+ 46. b6 Rxb6+ 47. Kd5 Rxh6 48. Rg4 Rh5+ 49. Ke4 Kh7 50. Rxf4 Kh6 51. Rf5 Rh4+ 52. Rf4 Rh5 53. h4 Kh7 54. g3 Kh8 55. Rf5 Rh6 56. h5 Kh7 57. g4 Kh8 58. Ke5 Ra6 59. Rf6 Ra5+ 60. Ke6 Ra6+ 61. Kf7 Ra7+ 62. Kg6 Rg7+ 63. Kh6 Rh7+ 64. Kg5 Rg7+ 65. Rg6 Rf7 66. f4 1-0